Computer vision and image processing : (Record no. 725)

MARC details
000 -LEADER
fixed length control field 00890nac a22002171u 4500
008 - FIXED-LENGTH DATA ELEMENTS--GENERAL INFORMATION
fixed length control field 100906t1998 xxu|||||r|||| 00| 0 eng d
010 ## - LIBRARY OF CONGRESS CONTROL NUMBER
LC control number 97026438
020 ## - INTERNATIONAL STANDARD BOOK NUMBER
International Standard Book Number 0132645998 (hardcover)
020 ## - INTERNATIONAL STANDARD BOOK NUMBER
International Standard Book Number 9780132645997
082 00 - DEWEY DECIMAL CLASSIFICATION NUMBER
Classification number 006.42
Item number UMB
Edition number 22
100 ## - MAIN ENTRY--PERSONAL NAME
Personal name Umbaugh, Scott E.
9 (RLIN) 18311
245 10 - TITLE STATEMENT
Title Computer vision and image processing :
Remainder of title a practical approach using CVIPtools /
Statement of responsibility, etc Scott E. Umbaugh.
260 ## - PUBLICATION, DISTRIBUTION, ETC. (IMPRINT)
Place of publication, distribution, etc Upper Saddle River, NJ :
Name of publisher, distributor, etc Prentice Hall PTR,
Date of publication, distribution, etc c1998.
300 ## - PHYSICAL DESCRIPTION
Extent xvi, 504 p. :
Other physical details ill. ;
Dimensions 26 cm. +
Accompanying material 1 computer laser optical disc (4 3/4 in.)
504 ## - BIBLIOGRAPHY, ETC. NOTE
Bibliography, etc Includes bibliographical references and index.
538 ## - SYSTEM DETAILS NOTE
System details note System requirements for accompanying computer disc: UNIX; Windows NT/95.
650 #0 - SUBJECT ADDED ENTRY--TOPICAL TERM
Topical term or geographic name as entry element Computer vision.
9 (RLIN) 18312
650 #0 - SUBJECT ADDED ENTRY--TOPICAL TERM
Topical term or geographic name as entry element Image processing
General subdivision Digital techniques.
9 (RLIN) 18313
650 #0 - SUBJECT ADDED ENTRY--TOPICAL TERM
Topical term or geographic name as entry element Application software.
9 (RLIN) 18314
942 ## - ADDED ENTRY ELEMENTS (KOHA)
Item type Book - Borrowing
Call number prefix 006.42UMB
Source of classification or shelving scheme Dewey Decimal Classification
Holdings
Withdrawn status Item status Source of classification or shelving scheme Damaged status Not for loan Vendor Home library Current library Shelving location Date acquired Source of acquisition Total Checkouts Total Renewals Full call number Barcode Date last seen Date last borrowed Koha item type Materials specified (bound volume or other part)
    Dewey Decimal Classification       Central Library Central Library Lower Floor 26/07/2006   9 33 006.42 UMB 000003874 15/07/2025 02/03/2022 Book - Borrowing  
  Lost Dewey Decimal Classification       Central Library Central Library Lower Floor 25/08/2013       006.42 UMB 000028824 25/08/2013   CD | DVD - With book Lost In Inventory_2015-8-23